| 000 | 01121nam a22002657a 4500 | ||
|---|---|---|---|
| 001 | 5807 | ||
| 003 | FISKH | ||
| 005 | 20250123093422.0 | ||
| 008 | 250123b cb ||||| |||| 00| 0 eng d | ||
| 020 | _a9780590341721 | ||
| 040 |
_aFISKH _beng _cFISKH _dFISKH |
||
| 050 | _aG133.Z46 | ||
| 082 | _a910 | ||
| 100 | _aZeman, Anne | ||
| 245 |
_aEverything you need to know about geography homework : _bA desk reference for students and parents / _cby Anne Zeman and Kate Kelly |
||
| 250 | _aFirst Scholastic printing, February 1997 | ||
| 260 |
_aNew York : _bScholastic , _c1997 . |
||
| 300 |
_a133 pages : _bcolor illustrations, maps ; _c28 cm . |
||
| 490 | _aEvertything You Need To Know... | ||
| 520 | _aA reference guide about geography for upper elementary and middle school students and their parents, providing answers to students' most frequently asked questions about a variety of topics which include latitude and longitude, maps and globes, bodies of water, and world cultures. | ||
| 650 |
_aGeography _vJuvenile literature |
||
| 700 |
_aKelly , Kate _eauthor |
||
| 942 |
_2ddc _cBK _n0 |
||
| 999 |
_c5807 _d5807 |
||